00521nam a22002057a 450000500170000001000130001702000100003003500130004003700160005304000120006908200160008110000230009724500460012026000300016627000390019630000250023550000200026065000130028065000220029320170124105947.0 aA-159514 c40.00 aA-159514 bCen Lib/Ret aDPLbEN a270.61bABD aAbdur Rahman Shad  aMuslim etiquettes /cby Abdur Rahman Shad aDelhibTaj Company c1982 a3151, Turkman Gate bDelhie110006 aviii,187p.c20cm(Hb) aIncludes index. aReligion aIslamic etiquette